| 000 | 00907nam a22003017a 4500 | ||
|---|---|---|---|
| 001 | BR2018000134 | ||
| 003 | BR-BrBNA | ||
| 005 | 20230928105223.0 | ||
| 007 | ta | ||
| 008 | 230509b bl.||||| |||| 00| 0 por d | ||
| 040 |
_aBR-BrBNA _bpor _cBiblioteca Nacional de Agricultura |
||
| 041 | _a(Por) | ||
| 072 | _aM40 | ||
| 090 | _ M40 BR2018000134 | ||
| 100 | 1 | _aPoli, C.R.(org.) | |
| 100 | 1 | _aPoli, A.T.B.(Org.) | |
| 100 | 1 | _aAndreatta, E.R.(org.) | |
| 100 | 1 | _aBeltrame, E.(org.) | |
| 110 | 1 | _aUniversidade Federal de Santa catarina, Florianópolis (Brasil). Centro de Ciências Agrárias | |
| 245 | 1 | _aAquicultura: experiências brasileiras | |
| 260 | 3 |
_aFlorianópolis, SC (Brasil): _c2004 . |
|
| 300 | _a456 p. | ||
| 500 | _aSeveral bibliography; 42 tables; 138 illus. | ||
| 650 | _aECOLOGIA AQUÁTICA | ||
| 650 | _aAQUICULTURA | ||
| 909 |
_a202309 _bLucia _c55 _dLucia Elande |
||
| 942 | _cBK | ||
| 999 |
_c84109 _d84109 |
||